000 01659nam0a22003011 4500
001 rc\4448212
005 20130416161350.8
021 _aRU
_b[68-35833]
035 _a(NLR Aleph) 008585125
090 _a8609455
_c8609455
100 _a20130416d1968 |||y0rusy50 ca
101 0 _arus
102 _aRU
105 _ay z |||||
200 1 _aИнформационное обеспечение научно-исследовательских и опытно-конструкторских разработок на различных стадиях выполнения
_eМатериалы семинара, провед. в дек. 1967 г.
_fНауч. редакторы К.Л. Вайс, Т.Н. Вайс, Т.Н. Седунова
_gОбъединение по руководству науч.-техн. информацией и пропагандой в РСФСР при Гос. ком. Совета Министров СССР по науке и технике. Ленингр. ЦБТИ
210 _aЛенинград
_cБ. и.
_d1968
215 _a62 с.
_d20
606 _aНаучно-исследовательские учреждения
_xИнформационная служба
_jСборники
_2psbo
606 _aКонструкторское бюро
_xИнформационная служба
_jСборники
_2psbo
702 1 _aВайс
_bТ. Н.
_4340
702 1 _aСедунова
_bТ. Н.
_4340
702 1 _aВайс
_bК. Л.
_gКарл Леонович
_4340
712 0 2 _aЛенинградский ЦБТИ
801 0 _aRU
_bNLR
_gpsbo
801 1 _aRU
_bELAR
_2rusmarc
852 _aNLR
_j68-4/9623
942 _cBOOK
980 _aNB